[Event "Schwarzach op 34th"]
[Site "Schwarzach"]
[Date "2019.07.13"]
[Round "1"]
[White "Mazja, Aleksandr G"]
[Black "Berkes, Ferenc"]
[Result "0-1"]
[WhiteElo "2164"]
[BlackElo "2681"]
[PlyCount "58"]
[EventDate "2019.07.13"]
[EventType "swiss"]
[EventRounds "9"]
[EventCountry "AUT"]
[SourceTitle "EXT 2020"]
[Source "ChessBase"]
[SourceDate "2019.10.17"]
[SourceVersion "1"]
[SourceVersionDate "2019.10.17"]
[SourceQuality "1"]

1. d4 Nf6 2. Nf3 g6 3. Bg5 Bg7 4. Nbd2 0-0 5. e4 d6 6. c3 h6 7. Bh4 c5 8. dxc5 dxc5 9. Be2 Nh5 10. Nc4 Nc6 11. Ne3 Nf4 12. Bg3 Qxd1+ 13. Rxd1 Nxe2 14. Kxe2 b6 15. Nd5 Ba6+ 16. Ke3 Rad8 17. Nc7 Bb7 18. Rd2 Na5 19. Rxd8 Rxd8 20. Nd2 h5 21. f4 Bh6 22. c4 h4 23. Be1 Rxd2 24. Kxd2 Bxf4+ 25. Kd3 Bxc7 26. Bxh4 Nc6 27. b3 Ne5+ 28. Ke3 Ng4+ 29. Kd3 g5 0-1

[Event "Marianske Lazne op 12th"]
[Site "Marianske Lazne"]
[Date "2013.01.26"]
[Round "9"]
[White "Mazja, Aleksandr G"]
[Black "Pranav, Vijay"]
[Result "1/2-1/2"]
[WhiteElo "2296"]
[BlackElo "2130"]
[PlyCount "70"]
[EventDate "2013.01.19"]
[EventType "swiss"]
[EventRounds "9"]
[EventCountry "CZE"]
[SourceTitle "CBM 152 Extra"]
[Source "ChessBase"]
[SourceDate "2013.02.25"]
[SourceVersion "1"]
[SourceVersionDate "2013.02.25"]
[SourceQuality "1"]

1. d4 Nf6 2. Nf3 g6 3. Bg5 Bg7 4. Nbd2 d5 5. e3 0-0 6. Bd3 c5 7. c3 b6 8. e4 dxe4 9. Nxe4 Bb7 10. Nxf6+ exf6 11. Be3 cxd4 12. cxd4 Nc6 13. 0-0 f5 14. Bb5 Nb4 15. Qb3 Nd5 16. Rad1 a6 17. Be2 Re8 18. Ne5 Qe7 19. Bf3 Nxe3 20. Bxb7 Qxb7 21. Qxe3 Qd5 22. b3 Rad8 23. Qf3 Bxe5 24. dxe5 Qxf3 25. gxf3 Rxd1 26. Rxd1 Rxe5 27. Rd2 Kg7 28. Kg2 Rc5 29. Rd6 Rb5 30. Kg3 a5 31. Rc6 Rb4 32. Rd6 h5 33. h4 a4 34. bxa4 Rxa4 35. Rxb6 Rxa2 1/2-1/2

[Event "Marianske Lazne op 12th"]
[Site "Marianske Lazne"]
[Date "2013.01.23"]
[Round "6"]
[White "Mazja, Aleksandr G"]
[Black "Puranik, Abhimanyu Sameer"]
[Result "1/2-1/2"]
[WhiteElo "2296"]
[BlackElo "2115"]
[PlyCount "36"]
[EventDate "2013.01.19"]
[EventType "swiss"]
[EventRounds "9"]
[EventCountry "CZE"]
[SourceTitle "CBM 152 Extra"]
[Source "ChessBase"]
[SourceDate "2013.02.25"]
[SourceVersion "1"]
[SourceVersionDate "2013.02.25"]
[SourceQuality "1"]

1. c4 e5 2. Nc3 Nc6 3. g3 g6 4. Bg2 Bg7 5. e3 d6 6. Nge2 Nf6 7. 0-0 0-0 8. a3 Bf5 9. d4 e4 10. h3 h5 11. Nf4 Qd7 12. Kh2 Rfe8 13. b4 Nd8 14. Bb2 Ne6 15. Nxe6 Qxe6 16. d5 Qc8 17. Rb1 Nh7 18. Ne2 Ng5 1/2-1/2

[Event "Marianske Lazne op 12th"]
[Site "Marianske Lazne"]
[Date "2013.01.22"]
[Round "5"]
[White "Liuba, Volodymyr"]
[Black "Mazja, Aleksandr G"]
[Result "1/2-1/2"]
[WhiteElo "2184"]
[BlackElo "2296"]
[PlyCount "32"]
[EventDate "2013.01.19"]
[EventType "swiss"]
[EventRounds "9"]
[EventCountry "CZE"]
[SourceTitle "CBM 152 Extra"]
[Source "ChessBase"]
[SourceDate "2013.02.25"]
[SourceVersion "1"]
[SourceVersionDate "2013.02.25"]
[SourceQuality "1"]

1. e4 d6 2. d4 Nf6 3. Nc3 g6 4. f4 c5 5. Bb5+ Bd7 6. e5 cxd4 7. Qxd4 Bxb5 8. exf6 Nc6 9. Qe4 Ba6 10. Be3 e6 11. 0-0-0 Qa5 12. Nf3 0-0-0 13. Nd4 d5 14. Nxc6 bxc6 15. Qa4 Qxa4 16. Nxa4 Bb5 1/2-1/2

[Event "Marianske Lazne op 12th"]
[Site "Marianske Lazne"]
[Date "2013.01.21"]
[Round "3"]
[White "Kolovratnik, Milos"]
[Black "Mazja, Aleksandr G"]
[Result "0-1"]
[WhiteElo "2131"]
[BlackElo "2296"]
[PlyCount "78"]
[EventDate "2013.01.19"]
[EventType "swiss"]
[EventRounds "9"]
[EventCountry "CZE"]
[SourceTitle "CBM 152 Extra"]
[Source "ChessBase"]
[SourceDate "2013.02.25"]
[SourceVersion "1"]
[SourceVersionDate "2013.02.25"]
[SourceQuality "1"]

1. d4 Nf6 2. c4 c5 3. d5 b5 4. cxb5 a6 5. bxa6 Bxa6 6. Nc3 d6 7. Nf3 g6 8. g3 Bg7 9. e4 Bxf1 10. Kxf1 Nbd7 11. Kg2 0-0 12. Re1 Qb6 13. Qe2 Rfb8 14. Nd2 Qa6 15. Nc4 Rb4 16. Nd2 Ne5 17. a3 Rb7 18. Qxa6 Rxa6 19. Re2 Nd3 20. Nc4 Rb4 21. axb4 Rxa1 22. Bg5 cxb4 23. Nb5 Ne1+ 24. Kh3 Nf3 25. Bxf6 Bxf6 26. Kg2 Ne1+ 27. Kh3 Nd3 28. f4 Rc1 29. b3 Nc5 30. e5 dxe5 31. fxe5 Bg5 32. d6 exd6 33. exd6 Nxb3 34. Ne5 Rc5 35. Nf3 Bf6 36. Na7 Nc1 37. Rd2 b3 38. d7 Bd8 39. Nc8 Rb5 0-1

[Event "Marianske Lazne op"]
[Site "Marianske Lazne"]
[Date "2010.01.17"]
[Round "2"]
[White "Iwanow, Anna"]
[Black "Mazja, Aleksandr G"]
[Result "1-0"]
[WhiteElo "2039"]
[BlackElo "2319"]
[PlyCount "67"]
[EventDate "2010.01.16"]
[EventType "swiss"]
[EventRounds "9"]
[EventCountry "CZE"]
[SourceTitle "CBM 134 Extra"]
[Source "ChessBase"]
[SourceDate "2010.03.03"]
[SourceVersion "1"]
[SourceVersionDate "2010.03.03"]
[SourceQuality "1"]

1. e4 d5 2. exd5 Nf6 3. d4 Nxd5 4. c4 Nf6 5. Nf3 Bg4 6. Be2 e6 7. Qb3 Qc8 8. h3 Bh5 9. Nc3 Nbd7 10. 0-0 Be7 11. Bf4 0-0 12. Rad1 a6 13. Rfe1 Bg6 14. Nh4 Bd6 15. Nxg6 hxg6 16. Be3 c6 17. d5 exd5 18. cxd5 c5 19. a4 Qc7 20. Nb1 Rab8 21. Na3 Rfe8 22. Bf1 Re4 23. Bd2 Be5 24. Bd3 Rxe1+ 25. Rxe1 Bd4 26. Bc4 Ne5 27. Bf4 Re8 28. Re2 Qd7 29. d6 Nxc4 30. Qxc4 Ne4 31. Qd5 Nxf2 32. Rxe8+ Qxe8 33. d7 Ng4+ 34. Kf1 1-0

[Event "Marianske Lazne op"]
[Site "Marianske Lazne"]
[Date "2007.01.22"]
[Round "3"]
[White "Kuebler, Marcus"]
[Black "Mazja, Aleksandr G"]
[Result "0-1"]
[WhiteElo "2081"]
[BlackElo "2330"]
[PlyCount "67"]
[EventDate "2007.01.20"]
[EventType "swiss"]
[EventRounds "9"]
[EventCountry "CZE"]
[SourceTitle "EXT 2008"]
[Source "ChessBase"]
[SourceDate "2007.11.25"]
[SourceVersion "1"]
[SourceVersionDate "2007.11.25"]
[SourceQuality "1"]

1. d4 Nf6 2. c4 c5 3. d5 b5 4. cxb5 a6 5. b6 Qxb6 6. Nc3 g6 7. g3 Bg7 8. Bg2 d6 9. Nf3 0-0 10. 0-0 Nbd7 11. h3 Ne8 12. Qc2 Nc7 13. a4 a5 14. Ra3 Rb8 15. Nd2 Ba6 16. Rb3 Qa7 17. Rxb8 Rxb8 18. Re1 Qb6 19. Qe4 Re8 20. Nc4 Qb4 21. Ne3 Bxc3 22. bxc3 Qxc3 23. Kf1 Qd4 24. Qxd4 cxd4 25. Nc2 d3 26. Nd4 e5 27. dxe6 dxe2+ 28. Kg1 Nxe6 29. Nb5 Nec5 30. Bc6 Nd3 31. Bd2 Nxe1 32. Bxe1 Re7 33. Bxd7 Rxd7 34. Bxa5 0-1

[Event "EU-ch Seniors 06th"]
[Site "Davos"]
[Date "2006.08.08"]
[Round "4"]
[White "Serra Olives, Tomas"]
[Black "Mazja, Aleksandr G"]
[Result "0-1"]
[WhiteElo "2140"]
[BlackElo "2320"]
[PlyCount "74"]
[EventDate "2006.08.05"]
[EventType "swiss"]
[EventRounds "9"]
[EventCountry "SUI"]
[SourceTitle "CBM 113 Extra"]
[Source "ChessBase"]
[SourceDate "2006.09.14"]
[SourceVersion "1"]
[SourceVersionDate "2006.09.14"]
[SourceQuality "1"]

1. e4 d5 2. exd5 Nf6 3. Bb5+ Bd7 4. Be2 Nxd5 5. d4 Bf5 6. Nf3 e6 7. a3 h6 8. 0-0 Bd6 9. Ne5 0-0 10. c4 Nf6 11. Nc3 Nbd7 12. f4 c5 13. Be3 a6 14. g4 Bh7 15. Bf3 cxd4 16. Bxd4 Qe7 17. Qe2 Bc5 18. Bxc5 Qxc5+ 19. Qf2 Qc7 20. Nxd7 Nxd7 21. Rad1 Nc5 22. Qe3 Rad8 23. b4 Nd3 24. c5 Nb2 25. Rxd8 Rxd8 26. Be4 Bxe4 27. Nxe4 Nc4 28. Qc3 b5 29. a4 Rd5 30. axb5 axb5 31. g5 hxg5 32. Nxg5 Qd8 33. Qh3 Qf6 34. Qh5 Ne3 35. Rf3 Rd1+ 36. Kf2 Qb2+ 37. Kg3 Qg2+ 0-1

[Event "EU-ch Seniors 06th"]
[Site "Davos"]
[Date "2006.08.07"]
[Round "3"]
[White "Mazja, Aleksandr G"]
[Black "Beckel, Friedrich A"]
[Result "1-0"]
[WhiteElo "2320"]
[BlackElo "2092"]
[PlyCount "73"]
[EventDate "2006.08.05"]
[EventType "swiss"]
[EventRounds "9"]
[EventCountry "SUI"]
[SourceTitle "CBM 113 Extra"]
[Source "ChessBase"]
[SourceDate "2006.09.14"]
[SourceVersion "1"]
[SourceVersionDate "2006.09.14"]
[SourceQuality "1"]

1. d4 Nf6 2. Nf3 g6 3. Bg5 Bg7 4. Nbd2 d5 5. e3 c5 6. c3 Qb6 7. Qb3 0-0 8. Be2 Nc6 9. 0-0 Re8 10. h3 Na5 11. Qb5 Qxb5 12. Bxb5 Bd7 13. Bxd7 Nxd7 14. dxc5 Nc6 15. Nb3 Rac8 16. Rad1 e6 17. e4 Nce5 18. Nxe5 Nxe5 19. exd5 exd5 20. Rxd5 Nc4 21. Nd4 Nxb2 22. Nb5 Re5 23. Rxe5 Bxe5 24. Rb1 Na4 25. Nxa7 Rxc5 26. Rxb7 Nxc3 27. Re7 Bh2+ 28. Kxh2 Rxg5 29. a3 Ra5 30. Nc6 Rxa3 31. Ne5 f5 32. Nd7 Ra6 33. Kg3 Ne4+ 34. Kf4 Nxf2 35. Nc5 Rc6 36. Ne6 Ne4 37. Ke5 1-0

[Event "EU-ch Seniors 06th"]
[Site "Davos"]
[Date "2006.08.06"]
[Round "2"]
[White "Hicker, Harald"]
[Black "Mazja, Aleksandr G"]
[Result "1-0"]
[WhiteElo "2136"]
[BlackElo "2320"]
[PlyCount "63"]
[EventDate "2006.08.05"]
[EventType "swiss"]
[EventRounds "9"]
[EventCountry "SUI"]
[SourceTitle "CBM 113 Extra"]
[Source "ChessBase"]
[SourceDate "2006.09.14"]
[SourceVersion "1"]
[SourceVersionDate "2006.09.14"]
[SourceQuality "1"]

1. d4 d6 2. c4 f5 3. g3 Nf6 4. Bg2 g6 5. Nc3 Bg7 6. Nf3 0-0 7. 0-0 Qe8 8. Re1 Nc6 9. e4 fxe4 10. Nxe4 Nxe4 11. Rxe4 Qf7 12. Qe2 Bf6 13. Bh6 Bf5 14. Bxf8 Rxf8 15. Rf4 Nb4 16. a3 Nc6 17. Rd1 Qg7 18. d5 Ne5 19. Nd4 Bg5 20. Ne6 Bxe6 21. Rxf8+ Qxf8 22. dxe6 Nc6 23. Bxc6 bxc6 24. Qe4 Qf6 25. b4 Qb2 26. Qxc6 Kg7 27. Qe8 Qe2 28. Qf7+ Kh6 29. Qf8+ Kh5 30. Rd5 Qe1+ 31. Kg2 Qe4+ 32. Qf3+ 1-0

[Event "Moscow Alekhine op"]
[Site "Moscow"]
[Date "1996.??.??"]
[Round "9"]
[White "Ivanov, Victor L"]
[Black "Mazja, Aleksandr G"]
[Result "1/2-1/2"]
[WhiteElo "2450"]
[BlackElo "2310"]
[PlyCount "22"]
[EventDate "1996.??.??"]
[EventType "swiss"]
[EventRounds "9"]
[EventCountry "RUS"]
[SourceTitle "EXT 1999"]
[Source "ChessBase"]
[SourceDate "1998.11.16"]
[SourceVersion "1"]
[SourceVersionDate "1998.11.16"]
[SourceQuality "1"]

1. e4 d6 2. d4 Nf6 3. Nc3 g6 4. h3 Bg7 5. Nf3 0-0 6. Be3 c6 7. a4 a5 8. Nd2 Na6 9. Be2 Qc7 10. 0-0 Rd8 11. f4 Bd7 1/2-1/2

[Event "Moscow Alekhine op"]
[Site "Moscow"]
[Date "1996.??.??"]
[Round "?"]
[White "Mazja, Aleksandr G"]
[Black "Donchenko, Anatoly G"]
[Result "0-1"]
[WhiteElo "2310"]
[BlackElo "2385"]
[PlyCount "72"]
[EventDate "1996.??.??"]
[EventType "swiss"]
[EventRounds "9"]
[EventCountry "RUS"]
[SourceTitle "EXT 1999"]
[Source "ChessBase"]
[SourceDate "1998.11.16"]
[SourceVersion "1"]
[SourceVersionDate "1998.11.16"]
[SourceQuality "1"]

1. d4 d5 2. c4 e6 3. Nf3 Nf6 4. Nc3 dxc4 5. g3 a6 6. Bg2 b5 7. Ne5 Nd5 8. 0-0 c6 9. a4 Bb7 10. e4 Nf6 11. d5 Be7 12. dxc6 Nxc6 13. Nxc6 Bxc6 14. e5 Bxg2 15. Kxg2 Nd7 16. Qg4 g6 17. Rd1 b4 18. Ne4 Qc7 19. Nd6+ Bxd6 20. Qe4 Rb8 21. Rxd6 Qb7 22. Qxb7 Rxb7 23. Bh6 Ke7 24. Rxa6 Rc8 25. Bg5+ Ke8 26. Bf6 c3 27. Rc1 c2 28. b3 Nxf6 29. exf6 Rd7 30. Rxc2 Rxc2 31. Rb6 Rdd2 32. Rb8+ Kd7 33. Rb7+ Kd6 34. Rxf7 Rxf2+ 35. Kh3 Rxh2+ 36. Kg4 Ke5 0-1